Great answers! Great questions! for your job interview
Great Answers! Great Questions! For Your Job Interview prepares readers for anything that might come their way during that allimportant interview. This thorough guide provides answers for all the most common questions interviewers ask, and suggests smart questions human resources professionals like...
Guardado en:
| Autor principal: | |
|---|---|
| Formato: | Libro |
| Lenguaje: | Undetermined |
| Publicado: |
New York, NY,
McGraw-Hill
2004
|
| Materias: | |
| Etiquetas: |
Agregar Etiqueta
Sin Etiquetas, Sea el primero en etiquetar este registro!
|
| Thư viện lưu trữ: | Trung tâm Học liệu Trường Đại học Cần Thơ |
|---|
| LEADER | 01191nam a2200205Ia 4500 | ||
|---|---|---|---|
| 001 | CTU_112771 | ||
| 008 | 210402s9999 xx 000 0 und d | ||
| 020 | |c 191300 | ||
| 082 | |a 650.144 | ||
| 082 | |b B652 | ||
| 100 | |a Block, Jay A. | ||
| 245 | 0 | |a Great answers! Great questions! for your job interview | |
| 245 | 0 | |c Jay A. Block, Michael Betrus | |
| 260 | |a New York, NY, | ||
| 260 | |b McGraw-Hill | ||
| 260 | |c 2004 | ||
| 520 | |a Great Answers! Great Questions! For Your Job Interview prepares readers for anything that might come their way during that allimportant interview. This thorough guide provides answers for all the most common questions interviewers ask, and suggests smart questions human resources professionals like to hear in return. This comprehensive interview game plan features: 101 answers to any tough question, 101 questions that showcase the job hunter's intelligence and skills,Practical strategies for online job searching and expert advice on telephone interviews, physical presentation, following up the interview, and salary negotiation. | ||
| 650 | |a Employment interviewing | ||
| 904 | |i Minh | ||
| 980 | |a Trung tâm Học liệu Trường Đại học Cần Thơ | ||